| 000 | 00874nam a2200301 i 4500 | ||
|---|---|---|---|
| 001 | 000008551 | ||
| 003 | DO-SdBNP | ||
| 005 | 20260212092245.0 | ||
| 007 | ta | ||
| 008 | 260212s1991 dr a 000 0 spa d | ||
| 040 |
_aDO-SdBNP _bspa _cBNPHU _erda |
||
| 041 | _aspa | ||
| 082 |
_a843.7 _bD886d, 1991 _222 |
||
| 100 | 1 |
_aDumas, Alejandro, _c(hijo) _d1824-1895 _922919 |
|
| 245 | 1 | 3 |
_aLa dama de las camelias / _cAlejandro Dumas. |
| 250 | _aSegunda edición | ||
| 260 | _c1998. | ||
| 264 |
_aSanto Domingo : _bEditora Alfa y Omega, _c1991 |
||
| 300 |
_a169 páginas : _bilustraciones ; _c21 cm. |
||
| 336 |
_ardacontent _btexto _2txt |
||
| 337 |
_ardamedia _bsin mediación _2n |
||
| 338 |
_ardacarrier _bvolumen _2nc |
||
| 590 | _aInventariado, 2026/DG | ||
| 650 | 4 |
_aNovela francesa _91075 |
|
| 650 | 4 |
_aLiteratura francesa _91074 |
|
| 910 | _aDG | ||
| 942 |
_2ddc _cLBS1 |
||
| 999 |
_c60301 _d60301 |
||